Browning Institute Studies (Record no. 5884)
[ view plain ]
| 000 -LEADER | |
|---|---|
| fixed length control field | 00478cas a2200157 4500 |
| 008 - FIXED-LENGTH DATA ELEMENTS--GENERAL INFORMATION | |
| fixed length control field | 170427n eng u |
| 022 ## - INTERNATIONAL STANDARD SERIAL NUMBER | |
| International Standard Serial Number | 00924725 |
| 035 ## - SYSTEM CONTROL NUMBER | |
| System control number | (Sirsi) a202651 |
| 050 ## - LIBRARY OF CONGRESS CALL NUMBER | |
| Classification number | http://www.jstor.org/subject/britstud |
| 245 ## - TITLE STATEMENT | |
| Title | Browning Institute Studies |
| 260 ## - PUBLICATION, DISTRIBUTION, ETC. | |
| Place of publication, distribution, etc. | JSTOR |
| 310 ## - CURRENT PUBLICATION FREQUENCY | |
| Current publication frequency | Annually |
| 362 ## - DATES OF PUBLICATION AND/OR SEQUENTIAL DESIGNATION | |
| Dates of publication and/or sequential designation | Vol. 1 , 1973 - Vol. 18 , 1990 |
| 520 ## - SUMMARY, ETC. | |
| Summary, etc. | Area Studies, British Studies, Humanities, Language & Literature |
| 650 ## - SUBJECT ADDED ENTRY--TOPICAL TERM | |
| Topical term or geographic name entry element | British Studies |
| Withdrawn status | Lost status | Source of classification or shelving scheme | Damaged status | Not for loan | Home library | Current library | Shelving location | Total Checkouts | Full call number | Barcode | Date last seen | Copy number | Uniform Resource Identifier | Price effective from | Koha item type |
|---|---|---|---|---|---|---|---|---|---|---|---|---|---|---|---|
| Main Library | Main Library | Serials | HTTP://WWW.JSTOR.ORG | 472511973 | 08/12/2019 | 1 | http://www.jstor.org/subject/britstud | 08/12/2019 | Electronic Resource | ||||||
| Main Library | Main Library | Serials | HTTP://WWW.JSTOR.ORG | 4725181990 | 08/12/2019 | 2 | 08/12/2019 | Electronic Resource |